Представление документа в формате MARC21

ПолеНазваниеЗначение
  Тип записи a
  Библиографический уровень m
001 Контрольный номер RU/URAIT/564200
005 Дата корректировки 20260429163711.1
008 Кодируемые данные 260429s2025 RU y f j 000 0 rus u
020 Индекс ISBN __
a ISBN 978-5-534-05601-3
c Цена, тираж 969.00
040 Источник каталогиз. __
a Служба первич. каталог. ИКО Юрайт
c Служба, преобразующая запись ИКО Юрайт
e Правила каталог. RCR
041 Код языка издания __
a Код языка текста rus
044 Код страны публикации __
a Код страны публикации RU
080 Индекс УДК __
a Индекс УДК 81
084 Индекс другой классификации/Индекс ББК __
2 Источник индекса rubbk
a Индекс другой классификации/Индекс ББК 81
100 Автор __
a Автор Сепир Э.
q Полное имя Сепир Эдуард
245 Заглавие __
a Заглавие Язык. Введение в изучение речи
b Продолж. заглавия - служебная - для во и спо
c Ответственность Э. Сепир ; переводчик А. М. Сухотин.
256 Характеристики компьютерного файла __
a Характеристики компьютерного файла Электрон. дан.
260 Выходные данные __
a Место издания Москва
b Издательство Юрайт
c Дата издания 2025
300 Физическое описание __
a Объем 211 с
440 Серия __
a Серия Антология мысли
500 Примечания __
a Примечание URL: https://urait.ru/bcode/564200 (дата обращения: 29.04.2026).
520 Аннотация __
a Аннотация Классическая работа американского лингвиста и антрополога Эдуарда Сепира, посвященная структуре языка вообще: его основным элементам, фонологии, грамматике, типологии, его эволюции и взаимодействии языка с человеческим мышлением и культурой. Большой интерес представляет то обстоятельство, что автор иллюстрирует различные языковые процессы примерами из языков американских индейцев, довольно своеобразных по своему устройству. Перевод и примечания А. Сухотина. Рекомендовано лингвистам, преподавателям, студентам и аспирантам филологических факультетов вузов, а также всем интересующимся.
538 Прим. о системных особенностях __
a Прим. о системных особенностях Режим доступа: Электронно-библиотечная система Юрайт, для авториз. пользователей
653 Ключевые слова __
a Ключевые слова Общее языкознание
653 Ключевые слова __
a Ключевые слова Языки и литература
653 Ключевые слова __
a Ключевые слова Введение в лингвистику
653 Ключевые слова __
a Ключевые слова Введение в языкознание
653 Ключевые слова __
a Ключевые слова Общее языкознание
653 Ключевые слова __
a Ключевые слова Языкознание
653 Ключевые слова __
a Ключевые слова Основы языкознания
653 Ключевые слова __
a Ключевые слова Общее языкознание и история лингвистических учений
653 Ключевые слова __
a Ключевые слова Основы общего языкознания
700 Другие авторы __
a Другие авторы Сухотин А. М.
q Полное имя Сухотин Александр Михайлович
856 Электронный адрес документа 40
n Местонахождение сервера Юрайт
g Электронная книга
q Тип электронного формата html
h Имя пользователя ЮРАЙТ
v Часы доступа к ресурсу 20271231
2 Способ доступа Показать документ
x Служебное примечание https://urait.ru/book/cover/EFEAEBDC-72F3-4B92-8D3D-699E9B715FF6
u URL https://urait.ru/bcode/564200
856 Электронный адрес документа 48
q Тип электронного формата cover
u URL https://urait.ru/book/cover/EFEAEBDC-72F3-4B92-8D3D-699E9B715FF6
911 __
u 0030=https://urait.ru/bcode/564200
911 __
u 073a=9785534056013
u 073d=969.00
911 __
u 106a=s
911 __
u 900l=
952 Тип литературы __
i Дисциплина Введение в лингвистику
952 Тип литературы __
i Дисциплина Введение в языкознание
952 Тип литературы __
i Дисциплина Общее языкознание
952 Тип литературы __
i Дисциплина Языкознание
952 Тип литературы __
i Дисциплина Основы языкознания
952 Тип литературы __
i Дисциплина Общее языкознание и история лингвистических учений
952 Тип литературы __
i Дисциплина Основы общего языкознания